00427nam a2200157Ia 4500008004100000020001800041041000800059082001900067100001800086245006500104260004100169300000800210365001100218650001900229700002100248140306s9999 xx 000 0 und d a81 85814 42 2 aeng a658 .8bEAR/MA aEarls, Gerard aMaking marketing work : a step by step guide for new busines aNew DelhibWheeler Publishingc 1989 a196 bRs .55 aMarketing plan aForsyth, Patrick